[Event "Collado Villalba op 23rd"]
[Site "Collado Villalba"]
[Date "2006.08.19"]
[Round "1"]
[White "Solaesa Navalpotro, Luis Julio"]
[Black "Gutierrez Sanchez, Fernando"]
[Result "1-0"]
[WhiteElo "2334"]
[BlackElo "1989"]
[PlyCount "105"]
[EventDate "2006.08.19"]
[EventType "swiss"]
[EventRounds "9"]
[EventCountry "ESP"]
[SourceTitle "CBM 113 Extra"]
[Source "ChessBase"]
[SourceDate "2006.09.14"]
[SourceVersion "1"]
[SourceVersionDate "2006.09.14"]
[SourceQuality "1"]

1. d4 d5 2. c4 e6 3. Nc3 Nf6 4. cxd5 exd5 5. Bg5 c6 6. Qc2 Na6 7. e3 Nb4 8. Qd2 Bf5 9. Rc1 a5 10. a3 Na6 11. Bd3 Bxd3 12. Qxd3 Be7 13. Nge2 0-0 14. Ng3 Ng4 15. Bxe7 Qxe7 16. 0-0 Rae8 17. Rfe1 Qh4 18. h3 Nh6 19. e4 dxe4 20. Ngxe4 Qd8 21. Qc4 Nf5 22. d5 b5 23. Qxc6 b4 24. Qxa6 bxc3 25. Nxc3 Nd6 26. Rxe8 Rxe8 27. Qc6 Qb8 28. a4 Rc8 29. Qa6 Qxb2 30. Rf1 Qxc3 31. Qxd6 Qc5 32. Qd7 Qc7 33. Qxc7 Rxc7 34. Rb1 Kf8 35. Rb5 Ra7 36. Kf1 Ke7 37. Ke2 Kd6 38. Kd3 f6 39. Kd4 h6 40. Rb6+ Kd7 41. Kc5 Rc7+ 42. Rc6 Rb7 43. Ra6 Rc7+ 44. Rc6 Rb7 45. d6 Ra7 46. Rb6 f5 47. Kd5 Ra8 48. Rb7+ Ke8 49. Rxg7 Kf8 50. Rh7 Kg8 51. Rc7 Rd8 52. Ke6 Re8+ 53. Kd7 1-0

[Event "Madrid-ch sf-B"]
[Site "Madrid"]
[Date "2004.??.??"]
[Round "6"]
[White "Rodriguez del Pino, Daniel"]
[Black "Gutierrez Sanchez, Fernando"]
[Result "0-1"]
[WhiteElo "1940"]
[BlackElo "2065"]
[PlyCount "61"]
[EventDate "2004.01.08"]
[EventType "swiss"]
[EventRounds "9"]
[EventCountry "ESP"]
[SourceTitle "EXT 2005"]
[Source "ChessBase"]
[SourceDate "2004.11.15"]
[SourceVersion "1"]
[SourceVersionDate "2004.11.15"]
[SourceQuality "1"]

1. e4 d6 2. d4 Nf6 3. Nc3 g6 4. f4 Bg7 5. Be3 0-0 6. Qd2 Ng4 7. 0-0-0 Nd7 8. h4 Nxe3 9. Qxe3 Nf6 10. Be2 Ng4 11. Qg3 h5 12. Nh3 c6 13. Kb1 Qb6 14. e5 dxe5 15. dxe5 Bf5 16. Bxg4 Bxg4 17. Rde1 Rad8 18. Nf2 Bf5 19. Nce4 Rd4 20. Qc3 Rd5 21. Qa3 Re8 22. Nd3 Qd4 23. Nf6+ exf6 24. exf6 Rxe1+ 25. Rxe1 Qxf6 26. Ne5 Qxh4 27. g3 Qd8 28. Kc1 Bxe5 29. fxe5 Qg5+ 30. Kb1 Qd2 31. Rc1 0-1